Central Library OPAC University of Rajshahi

Elements of statistical computing / (Record no. 53034)

MARC details
000 -LEADER
fixed length control field 00847nam a2200253 a 4500
001 - CONTROL NUMBER
control field 53034
003 - CONTROL NUMBER IDENTIFIER
rucl marc code BD-RjUL
005 - DATE AND TIME OF LATEST TRANSACTION
control field 20211209075910.0
008 - FIXED-LENGTH DATA ELEMENTS--GENERAL INFORMATION
fixed length control field 161002s1988 enka b 001 0 eng
020 ## - INTERNATIONAL STANDARD BOOK NUMBER
International Standard Book Number 0412013711 (v. 1) :
Terms of availability $34.50 (U.S.)
035 ## - SYSTEM CONTROL NUMBER
System control number (BD-RjUL)53154
040 ## - CATALOGING SOURCE
Original cataloging agency DLC
Transcribing agency DLC
Modifying agency DLC
Language of cataloging eng
041 ## - LANGUAGE CODE
Language code of text/sound track or separate title eng
082 00 - DEWEY DECIMAL CLASSIFICATION NUMBER
Classification number 519.50285
Edition number 23
Author mark and year THE 1988
100 1# - MAIN ENTRY--PERSONAL NAME
Personal name Thisted, Ronald A.
Fuller form of name (Ronald Aaron),
Dates associated with a name 1951-
9 (RLIN) 158503
245 10 - TITLE STATEMENT
Title Elements of statistical computing /
Statement of responsibility, etc. Ronald A. Thisted.
260 ## - PUBLICATION, DISTRIBUTION, ETC. (IMPRINT)
Place of publication, distribution, etc. New York :
Name of publisher, distributor, etc. Chapman and Hall,
Date of publication, distribution, etc. c1988
300 ## - PHYSICAL DESCRIPTION
Pagination xx, 427 p. :
Illustrations ill. ;
Size 24 cm.
500 ## - GENERAL NOTE
General note Includes index.
650 #0 - SUBJECT ADDED ENTRY--TOPICAL TERM
Topical term or geographic name as entry element Mathematical statistics
General subdivision Data processing.
9 (RLIN) 154976
856 42 - ELECTRONIC LOCATION AND ACCESS
Materials specified Publisher description
Uniform Resource Identifier <a href="http://www.loc.gov/catdir/enhancements/fy0744/86023227-d.html">http://www.loc.gov/catdir/enhancements/fy0744/86023227-d.html</a>
942 ## - ADDED ENTRY ELEMENTS (KOHA)
Source of classification or shelving scheme Dewey Decimal Classification
Koha item type Books
Holdings
Lost status Source of classification or shelving scheme Damaged status Not for loan Collection code Permanent Location Current Location Shelving location Date acquired Source of acquisition Total Checkouts Full call number Date last seen Copy number Koha item type
  Dewey Decimal Classification     Non-fiction Central Library, University of Rajshahi Central Library, University of Rajshahi   14/09/2008 Donation   519.50285 THE 1988 02/10/2016 C-2 Books